000 00382nam a2200133 a 4500
001 000037395
005 20200930080335.0
008 120402s1864 ht 000 0 spa d
040 _aDO-SdBNP
_bspa
_cBNPHU
100 1 _aArdouin, B.
_963846
245 1 0 _aGeografhie de l' ile d' Haiti. /
_cB. Ardouin.
260 _aPort-au-prince, :
_bT. Bouchereau,
_c1864.
300 _a86 p. ;
_c25 cm.
999 _c36885
_d36885